000 00437nam a22001457a 4500
005 20151022111020.0
008 151022b xxu||||| |||| 00| 0 eng d
040 _cPK-LaUMT
082 _aKHC 297.86
_bBAS-T
100 _aبشیر احمد
245 _aتحریک احمدیت
_bیہودی و سامراجی گٹھ جوڑ
_cبشیر احمد
260 _aلاہور
_bعبداللہ اکادمی
_c[ ]
300 _a987 ص
942 _cBK
999 _c77712
_d77712